International classification of functioning, disability and health : (Record no. 3486)

000 -LEADER
fixed length control field 01130cam a2200313 a 4500
003 - CONTROL NUMBER IDENTIFIER
control field UkOxU
005 - DATE AND TIME OF LATEST TRANSACTION
control field 20211117091330.0
008 - FIXED-LENGTH DATA ELEMENTS--GENERAL INFORMATION
fixed length control field 020409s2001 sz a b i001 0 eng d
020 ## - INTERNATIONAL STANDARD BOOK NUMBER
International Standard Book Number 9241545445
040 ## - CATALOGING SOURCE
Transcribing agency ALUPE UNIVERSITY
050 ## - LIBRARY OF CONGRESS CALL NUMBER
Classification number QT15
Item number .W46 2001
110 ## - MAIN ENTRY--CORPORATE NAME
Corporate name or jurisdiction name as entry element Geneva : World Health Organization, 2001.
245 00 - TITLE STATEMENT
Title International classification of functioning, disability and health :
Remainder of title ICF.
250 ## - EDITION STATEMENT
Edition statement Short version.
260 ## - PUBLICATION, DISTRIBUTION, ETC.
Place of publication, distribution, etc. Geneva :
Name of publisher, distributor, etc. World Health Organization,
Date of publication, distribution, etc. c2001.
300 ## - PHYSICAL DESCRIPTION
Extent iii, 228 p. :
Other physical details ill. ;
Dimensions 15 cm.
504 ## - BIBLIOGRAPHY, ETC. NOTE
Bibliography, etc. note Includes bibliographical references and index.
650 #0 - SUBJECT ADDED ENTRY--TOPICAL TERM
Topical term or geographic name entry element Human physiology
General subdivision Classification.
650 #0 - SUBJECT ADDED ENTRY--TOPICAL TERM
Topical term or geographic name entry element Human anatomy
General subdivision Classification.
650 #0 - SUBJECT ADDED ENTRY--TOPICAL TERM
Topical term or geographic name entry element Disability evaluation
General subdivision Classification.
650 #0 - SUBJECT ADDED ENTRY--TOPICAL TERM
Topical term or geographic name entry element People with disabilities
General subdivision Functional assessment.
650 #2 - SUBJECT ADDED ENTRY--TOPICAL TERM
Topical term or geographic name entry element Physiology
General subdivision classification
650 #2 - SUBJECT ADDED ENTRY--TOPICAL TERM
Topical term or geographic name entry element Anatomy
General subdivision classification
650 #2 - SUBJECT ADDED ENTRY--TOPICAL TERM
Topical term or geographic name entry element Disability Evaluation
General subdivision classification
650 #2 - SUBJECT ADDED ENTRY--TOPICAL TERM
Topical term or geographic name entry element Disabled Persons
General subdivision classification
710 2# - ADDED ENTRY--CORPORATE NAME
Corporate name or jurisdiction name as entry element World Health Organization.
942 ## - ADDED ENTRY ELEMENTS (KOHA)
Source of classification or shelving scheme
Koha item type Book
Suppress in OPAC MM
Holdings
Withdrawn status Lost status Source of classification or shelving scheme Damaged status Not for loan Permanent Location Current Location Shelving location Date acquired Source of acquisition Total Checkouts Full call number Barcode Date last seen Price effective from Koha item type Public note
          AU LIBRARY AU LIBRARY Open Shelf 24.03.2022 DONATION FROM MOI UNIVERSITY   QT15 .W46 2001 28004771 17.11.2021 24.03.2022 Book MM

Powered by Koha